Statistiques concernant Noms de chapitres Harry Potter à l'école des sorciers

Cliquez ici pour prendre le quiz!

Statistiques générales

  • Ce quiz a été pris 11 fois
  • Le résultat moyen est 12 sur 17

Statistiques - réponses

HintRéponse% Correct
Chapitre 7Le choixpeau magique
82%
Chapitre 5Le chemin de Traverse
73%
Chapitre 4Le gardien des clés
73%
Chapitre 3Les lettres de nulle part
73%
Chapitre 1Le survivant
73%
Chapitre 17L'homme aux deux visages
73%
Chapitre 14Norbert le dragon
73%
Chapitre 6Rendez-vous sur la voie 9 3/4
73%
Chapitre 2Une vitre disparaît
73%
Chapitre 10Halloween
64%
Chapitre 8Le maître des potions
64%
Chapitre 11Le match de Quidditch
64%
Chapitre 12Le miroir du Riséd
64%
Chapitre 13Nicolas Flamel
64%
Chapitre 16Sous la trappe
64%
Chapitre 9Duel à minuit
55%
Chapitre 15La forêt interdite
55%

Distribution des résultats

Percentile par nombre de réponses

% des personnes avec chaque résultat

Votre développement - résultats

Vous n’avez pas pris ce quiz